000 00417nam a2200121Ia 4500
008 220620s9999||||xx |||||||||||||| ||und||
245 0 _aConcepts, Applications and Emerging Opportunities in Industrial Engineering
546 _aEnglish[eng]
650 _aIndustry & industrial studies
700 _aMoynihan, Gary
856 _uhttps://mts.intechopen.com/storage/books/9279/authors_book/authors_book.pdf
942 _cEB
999 _c30302
_d30302